[Event "1. Oeffinger Jubiläumsopen"]
[Site "Ditzingen"]
[Date "2010.05.22"]
[Round "1.5"]
[White "Hüttig, Michael"]
[Black "Bay, Johannes"]
[Result "1-0"]
[WhiteElo "2058"]
[BlackElo "1662"]
[PlyCount "119"]
[EventDate "2010.??.??"]

1. e4 b6 2. d4 Bb7 3. Bd3 e6 4. c3 Nf6 5. Qe2 c5 6. Nf3 d6 7. Nbd2 Be7 8. O-O
O-O 9. e5 dxe5 10. dxe5 Nd5 11. Ne4 Nc6 12. Rd1 Qc7 13. Nd6 Nxe5 14. Nb5 Nxf3+
15. Qxf3 Qe5 16. Bd2 a6 17. Na3 Rab8 18. Nc4 Qf6 19. Qe4 g6 20. Qe2 b5 21. Ne5
Rfd8 22. Ng4 Qh4 23. g3 Qh3 24. f3 Nf6 25. Ne3 Bxf3 26. Qxf3 Rxd3 27. c4 Rbd8
28. Qe2 Ne4 29. Nd5 R3xd5 30. cxd5 exd5 31. Be3 f5 32. Bf4 c4 33. Be3 Bf6 34.
Bd4 Be7 35. Qf3 h5 36. Rac1 Qg4 37. Qg2 h4 38. gxh4 Qxg2+ 39. Kxg2 Bxh4 40. Kf3
Kf7 41. Rc2 g5 42. h3 Ke6 43. Be3 f4 44. Bd4 a5 45. b3 Rc8 46. Bb6 Ra8 47. bxc4
bxc4 48. a4 Rb8 49. Rb1 d4 50. Kxe4 d3 51. Rxc4 d2 52. Rc6+ Kd7 53. Kd5 Be1 54.
Rg6 f3 55. Rg7+ Ke8 56. Rg8+ Kf7 57. Rxb8 f2 58. Bxf2 Bxf2 59. R8b2 Kg6 60.
Rb6+ 1-0

[Event "1. Oeffinger Jubiläumsopen"]
[Site "Ditzingen"]
[Date "2010.05.22"]
[Round "1.14"]
[White "Balija, Cerim"]
[Black "Schmid, Bernd"]
[Result "0-1"]
[WhiteElo "1608"]
[BlackElo "1851"]
[PlyCount "184"]
[EventDate "2010.??.??"]

1. e4 c5 2. Nf3 Nc6 3. c3 Nf6 4. e5 Nd5 5. Bc4 e6 6. d4 Be7 7. O-O O-O 8. Nbd2
Nb6 9. Bb3 cxd4 10. cxd4 d6 11. exd6 Bxd6 12. Ne4 Be7 13. a3 Nd5 14. Qd3 Nf6
15. Bc2 Nxe4 16. Qxe4 g6 17. Be3 Bf6 18. Rad1 Ne7 19. Ne5 Nd5 20. Bc1 b6 21.
Ng4 Bg7 22. Ne5 Bb7 23. Qf3 Qc7 24. Be4 f5 25. Bxd5 Bxd5 26. Qf4 Rac8 27. Bd2
Ba8 28. Rc1 Qb7 29. f3 Qd7 30. Bc3 Qd8 31. Rfe1 Bd5 32. Bb4 Re8 33. Rc3 Rxc3
34. Bxc3 Qc7 35. Rc1 Rc8 36. Bd2 Qd8 37. Rc3 Rxc3 38. Bxc3 Bf8 39. Nd3 Bd6 40.
Ne5 Kg7 41. Bd2 Kg8 42. Qg3 Qe8 43. Bc3 Kg7 44. f4 Qa4 45. h4 Qd1+ 46. Qe1 Qc2
47. Qd2 Qb1+ 48. Kh2 Qf1 49. Nd3 Bxg2 50. d5+ Kg8 51. dxe6 Qh1+ 52. Kg3 Qh3+
53. Kf2 Be4 54. Ne5 Bc5+ 55. Bd4 Qxh4+ 56. Ke2 Qh2+ 57. Ke1 Qh1+ 58. Ke2 Be7
59. Bf2 Bd5 60. Nd3 Qe4+ 61. Be3 Qxe6 62. Qc3 Bc4 63. Kd2 Bxd3 64. Kxd3 Bf6 65.
Qc7 Qe7 66. Qc4+ Kg7 67. Qa6 Bxb2 68. Qc4 Qxa3+ 69. Ke2 Bf6 70. Bd2 Qd6 71. Bb4
Qd7 72. Ba3 a5 73. Qa6 Qe6+ 74. Kf1 h6 75. Qb7+ Kg8 76. Qb8+ Kh7 77. Qc7+ Bg7
78. Bf8 Qf6 79. Bd6 Qa1+ 80. Kg2 Qb2+ 81. Kf1 Qb1+ 82. Ke2 Qe4+ 83. Kf1 b5 84.
Kg1 Qc4 85. Qe7 Qd4+ 86. Kg2 Qe4+ 87. Qxe4 fxe4 88. Kf2 Bd4+ 89. Ke2 b4 90. Kd2
Kg7 91. Kc2 h5 92. Be7 Kf7 {ZÜ} 0-1

[Event "1. Oeffinger Jubiläumsopen"]
[Site "Ditzingen"]
[Date "2010.05.22"]
[Round "1.9"]
[White "Gustain, Marc"]
[Black "Götzfried, Alexander"]
[Result "1-0"]
[WhiteElo "1987"]
[BlackElo "1641"]
[PlyCount "146"]
[EventDate "2010.??.??"]

1. e4 c6 2. d4 d5 3. f3 e6 4. Nc3 Bb4 5. Qd3 dxe4 6. fxe4 Nf6 7. Nf3 Nbd7 8.
Bd2 Qa5 9. e5 Nd5 10. Ne4 Bxd2+ 11. Qxd2 Qxd2+ 12. Kxd2 Ke7 13. c4 Nf4 14. Ke3
Ng6 15. h4 h5 16. Bd3 b6 17. c5 bxc5 18. Nxc5 Nxc5 19. dxc5 Nf8 20. Be4 Bb7 21.
b4 f5 22. Bd3 Nd7 23. Rhd1 a5 24. a3 axb4 25. axb4 Rxa1 26. Rxa1 Ra8 27. Rxa8
Bxa8 28. Kf4 Bb7 29. Kg5 Nb8 30. Kxh5 Ba6 31. Ne1 Bxd3 32. Nxd3 Kf7 33. Kg5 Na6
34. g3 Nc7 35. Kf4 Nd5+ 36. Kf3 Nc3 37. Ke3 Ke7 38. Kf3 Nd5 39. g4 fxg4+ 40.
Kxg4 Kf7 41. Kf3 Ke7 42. Ke4 Kf7 43. h5 Ke7 44. Kd4 Kd7 45. Kc4 Ne3+ 46. Kb3
Nf5 47. Nf4 Nd4+ 48. Kc4 Nb5 49. Ne2 Na3+ 50. Kd3 Nb5 51. Kc4 Na3+ 52. Kd3 Nb5
53. Nd4 Nc7 54. Kc4 Nd5 55. b5 cxb5+ 56. Kxb5 Nf4 57. Kb6 Kc8 58. c6 Nd5+ 59.
Kc5 Nf4 60. Kd6 Nxh5 61. Nxe6 g6 62. Ng5 Ng7 63. Nf7 Nf5+ 64. Kc5 Kc7 65. e6
Ne7 66. Ne5 g5 67. Kb5 Nxc6 68. Nxc6 g4 69. Kc5 g3 70. Ne5 g2 71. Nf3 Kc8 72.
Kd6 Kd8 73. e7+ Ke8 1-0

[Event "1. Oeffinger Jubiläumsopen"]
[Site "Ditzingen"]
[Date "2010.05.22"]
[Round "1.21"]
[White "Böhmler, Thomas"]
[Black "Maier, Ralf"]
[Result "1/2-1/2"]
[WhiteElo "1770"]
[BlackElo "1462"]
[PlyCount "125"]
[EventDate "2010.??.??"]

1. d4 Nf6 2. c4 e6 3. Nc3 Bb4 4. Bg5 h6 5. Bh4 d5 6. cxd5 Bxc3+ 7. bxc3 exd5 8.
Nf3 O-O 9. e3 b6 10. Ne5 Qd6 11. Bg3 Qe6 12. Bd3 Nbd7 13. O-O c5 14. Re1 Nxe5
15. Bxe5 Ng4 16. Bg3 f5 17. Qf3 c4 18. Bxc4 Bb7 19. Bd3 g6 20. h3 Nf6 21. Qf4
Kg7 22. Qe5 Qxe5 23. Bxe5 Kh7 24. a4 Ne4 25. Ra3 Rfc8 26. Bxe4 fxe4 27. Rb1 Rc4
28. a5 Rac8 29. axb6 a6 30. Bc7 Kg7 31. Rbb3 Kf7 32. Ra5 Ke6 33. Rc5 Ra4 34.
Rb4 Ra1+ 35. Kh2 a5 36. Rbb5 Ra8 37. Be5 a4 38. Ra5 Rxa5 39. Rxa5 a3 40. Ra7 a2
41. Kg3 Rb1 42. Rxa2 Rxb6 43. f3 Rc6 44. fxe4 Rxc3 45. exd5+ Bxd5 46. Ra6+ Kf5
47. Rf6+ Kg5 48. h4+ Kh5 49. Bf4 Rc2 50. Rd6 Bxg2 51. Re6 Bb7 52. Re5+ g5 53.
hxg5 Rg2+ 54. Kh3 hxg5 55. d5 Rg1 56. e4 Bc8+ 57. Kh2 Rg4 58. Bg3 Kg6 59. Re8
Bd7 60. Rd8 Ba4 61. Rd6+ Kf7 62. Ra6 Rxe4 63. Ra7+ 1/2-1/2

[Event "1. Oeffinger Jubiläumsopen"]
[Site "Ditzingen"]
[Date "2010.05.22"]
[Round "1.8"]
[White "Wengert, Dieter"]
[Black "Thier, Jürgen"]
[Result "0-1"]
[WhiteElo "1650"]
[BlackElo "1989"]
[PlyCount "120"]
[EventDate "2010.??.??"]

1. e4 c5 2. Nf3 Nc6 3. d4 cxd4 4. Nxd4 Nf6 5. Nc3 e5 6. Nb3 Bb4 7. Qd3 d5 8.
exd5 Qxd5 9. Bd2 Qxd3 10. Bxd3 O-O 11. O-O-O b6 12. Ne4 Be7 13. Nxf6+ Bxf6 14.
Bc3 Bb7 15. f3 Ne7 16. Rhe1 Nc6 17. Nd2 Rad8 18. Ne4 Be7 19. a3 Rfe8 20. Ng3
Bg5+ 21. Kb1 Nd4 22. Be4 Bc8 23. Bxd4 exd4 24. Nf5 Bf6 25. g4 g6 26. Ng3 Bh4
27. Bc6 Rxe1 28. Rxe1 Be6 29. Rd1 f5 30. gxf5 gxf5 31. Ne2 Bf6 32. Nf4 Bf7 33.
Ne2 Bc4 34. Ng3 d3 35. cxd3 Bxd3+ 36. Ka1 Kf7 37. Rd2 Bg5 38. Rg2 Bc4 39. Ba4
f4 40. Ne4 Bh6 41. Rd2 Rxd2 42. Nxd2 Bd3 43. Bc6 Kf6 44. b4 Kg5 45. Ne4+ Kh4
46. Nd6 Bg7+ 47. Ka2 Kh3 48. Nc8 h5 49. Nxa7 Bf5 50. Nb5 Kxh2 51. Nd6 Be6+ 52.
Kb1 h4 53. Ne4 Bf5 54. a4 h3 55. Kc1 Bxe4 56. fxe4 f3 57. a5 f2 58. Bb5 bxa5
59. bxa5 Kg1 60. Kd2 h2 0-1

[Event "1. Oeffinger Jubiläumsopen"]
[Site "Ditzingen"]
[Date "2010.05.22"]
[Round "1.16"]
[White "Pfeilsticker, Thorsten"]
[Black "Schömbs, Oliver"]
[Result "1/2-1/2"]
[WhiteElo "1605"]
[BlackElo "1807"]
[PlyCount "106"]
[EventDate "2010.??.??"]

1. d4 Nf6 2. Nf3 g6 3. c4 Bg7 4. Nc3 d5 5. cxd5 Nxd5 6. e4 Nxc3 7. bxc3 O-O 8.
Bd3 c5 9. Bb2 cxd4 10. Nxd4 b6 11. O-O Ba6 12. Be2 e5 13. Bxa6 Nxa6 14. Nb3 Qc7
15. Qe2 Nc5 16. Rac1 Rfd8 17. Qc4 Rac8 18. Nxc5 Qxc5 19. Qxc5 Rxc5 20. Rfd1
Rcc8 21. Kf1 Kf8 22. Ke2 Ke7 23. Rd3 Rxd3 24. Kxd3 Bh6 25. Rd1 b5 26. Ke2 Ke6
27. Rd3 Bg5 28. Ba3 Rc6 29. Bb2 Ra6 30. a3 Ra4 31. f3 Be7 32. Rd5 Bxa3 33. Rxb5
Bd6 34. Kd3 h5 35. Kc2 f5 36. Kb3 Ra6 37. c4 Rc6 38. Rb7 Bc5 39. Rb5 fxe4 40.
fxe4 Rc7 41. Bc3 Kf6 42. h4 Rc6 43. Ba5 Bd4 44. Bd8+ Ke6 45. Rb7 Bb6 46. Bxb6
axb6 47. Rg7 Kf6 48. Rd7 g5 49. g3 Re6 50. Rd1 Kg6 51. Rf1 Re8 52. Rf5 gxh4 53.
gxh4 Re6 1/2-1/2

[Event "1. Oeffinger Jubiläumsopen"]
[Site "Ditzingen"]
[Date "2010.05.22"]
[Round "1.11"]
[White "Engbrecht, Helmut"]
[Black "Naundorf, Jo-Jan"]
[Result "1/2-1/2"]
[WhiteElo "1936"]
[BlackElo "1627"]
[PlyCount "84"]
[EventDate "2010.??.??"]

1. e4 c5 2. Nc3 d6 3. Nf3 Nf6 4. Be2 g6 5. O-O Bg7 6. Ne1 O-O 7. f4 Nc6 8. Nf3
Nd4 9. d3 Ng4 10. h3 Nxf3+ 11. gxf3 Bd4+ 12. Kg2 Ne3+ 13. Bxe3 Bxe3 14. Nd5 Bd4
15. c3 Bg7 16. Kg3 Qd7 17. Rh1 f5 18. Qb3 e6 19. Ne3 Bh6 20. Ng2 Kh8 21. h4 e5
22. fxe5 dxe5 23. Qd5 Qe7 24. Rad1 f4+ 25. Kf2 Bg7 26. Qc4 Be6 27. Qa4 a6 28.
c4 Rfb8 29. Qc2 b5 30. b3 b4 31. Rh2 Ra7 32. Rdh1 h6 33. Qb2 Qd8 34. Ne1 a5 35.
Bd1 Bd7 36. Rg1 Kh7 37. Ke2 Rba8 38. Kf1 a4 39. Qg2 Qf6 40. Qh1 axb3 41. Bxb3
Ba4 42. Rhg2 Be8 1/2-1/2

[Event "1. Oeffinger Jubiläumsopen"]
[Site "Ditzingen"]
[Date "2010.05.22"]
[Round "1.18"]
[White "Petzold, Steffen"]
[Black "Seitz, Daniel"]
[Result "0-1"]
[WhiteElo "1518"]
[BlackElo "1804"]
[PlyCount "46"]
[EventDate "2010.??.??"]

1. b3 d5 2. Bb2 c5 3. e3 e6 4. c4 d4 5. Nf3 Nc6 6. exd4 Nxd4 7. Bxd4 cxd4 8.
Qe2 Be7 9. Qe4 f5 10. Qd3 Bf6 11. Na3 Ne7 12. c5 O-O 13. Nc4 Nc6 14. a3 e5 15.
Nd6 e4 16. Qc4+ Kh8 17. Nf7+ Rxf7 18. Qxf7 exf3 19. gxf3 Ne5 20. Qh5 g6 21. Qh3
f4 22. Qg2 d3 23. Rc1 Qd5 0-1

[Event "1. Oeffinger Jubiläumsopen"]
[Site "Ditzingen"]
[Date "2010.05.22"]
[Round "1.1"]
[White "Tuncer, Ufuk"]
[Black "Pelezki, Jurij"]
[Result "1-0"]
[WhiteElo "2316"]
[BlackElo "1686"]
[PlyCount "91"]
[EventDate "2010.??.??"]

1. e4 e5 2. Nf3 Nc6 3. Bb5 Nd4 4. Nxd4 exd4 5. Bc4 d6 6. O-O Nf6 7. d3 c6 8.
Nd2 Bg4 9. Qe1 Qc7 10. h3 Be6 11. Bxe6 fxe6 12. Nb3 e5 13. c3 dxc3 14. bxc3 Be7
15. Qe2 O-O 16. c4 Rf7 17. f4 Raf8 18. f5 d5 19. Bg5 d4 20. Bd2 c5 21. g4 g6
22. Bh6 Rc8 23. Nd2 Bf8 24. Bg5 Bg7 25. Bh4 Qd6 26. Nf3 Rc6 27. Rf2 Nd7 28.
Raf1 Bh6 29. g5 Bg7 30. Nh2 Rb6 31. fxg6 Rxf2 32. gxh7+ Kxh7 33. Qh5+ Kg8 34.
Rxf2 Qg6 35. Qg4 Nf8 36. Bg3 Qe6 37. Qh5 Ng6 38. Ng4 Rb1+ 39. Kg2 Nf4+ 40. Bxf4
exf4 41. Nf6+ Kf8 42. Rxf4 Rb2+ 43. Kg3 Rd2 44. Ng4+ Ke7 45. Qh7 Rxd3+ 46. Kh4
1-0

[Event "1. Oeffinger Jubiläumsopen"]
[Site "Ditzingen"]
[Date "2010.05.22"]
[Round "1.17"]
[White "Fox, Sascha"]
[Black "Schmidt, Bernd"]
[Result "0-1"]
[WhiteElo "1806"]
[BlackElo "1557"]
[PlyCount "96"]
[EventDate "2010.??.??"]

1. d4 d5 2. e3 Nf6 3. Bd3 c6 4. f4 g6 5. Nd2 Bf5 6. Qe2 Bxd3 7. Qxd3 Nbd7 8.
Ngf3 e6 9. O-O Bg7 10. Ne5 O-O 11. c3 Rc8 12. e4 dxe4 13. Nxe4 Nxe4 14. Qxe4
Nf6 15. Qe2 Qd6 16. Be3 b6 17. Rad1 Rfd8 18. Bf2 Nd7 19. Rfe1 Nxe5 20. dxe5 Qc7
21. Bh4 Rd7 22. Rxd7 Qxd7 23. Rd1 Qc7 24. Qd2 Bf8 25. Qd7 Bc5+ 26. Kf1 Qxd7 27.
Rxd7 a5 28. Bf2 Bxf2 29. Kxf2 Kf8 30. Rb7 b5 31. Ke3 a4 32. Rd7 Ke8 33. Rd6 Ke7
34. Kd4 c5+ 35. Ke3 b4 36. Rb6 a3 37. cxb4 c4 38. Kd2 axb2 39. Kc2 c3 40. Rb7+
Ke8 41. Rb6 Rd8 42. Rd6 Rxd6 43. exd6 Kd7 44. g4 f6 45. a4 Kxd6 46. a5 g5 47.
a6 Kc6 48. b5+ Kb6 0-1

[Event "1. Oeffinger Jubiläumsopen"]
[Site "Ditzingen"]
[Date "2010.05.22"]
[Round "1.12"]
[White "Birnkraut, Erich"]
[Black "Rempeli, Alex"]
[Result "0-1"]
[WhiteElo "1620"]
[BlackElo "1911"]
[PlyCount "66"]
[EventDate "2010.??.??"]

1. e4 e6 2. d4 d5 3. exd5 exd5 4. Nf3 Nc6 5. Be2 Bd6 6. O-O Nge7 7. b3 Bg4 8.
Bb2 f6 9. Nbd2 Qd7 10. a4 O-O-O 11. c3 g5 12. c4 Ng6 13. cxd5 Nce7 14. Rc1 Nxd5
15. Ne4 Rhe8 16. Nxd6+ Qxd6 17. h3 Bd7 18. Nd2 Ndf4 19. Re1 Nxe2+ 20. Rxe2 Nf4
21. Re3 Qd5 22. Qf1 Bc6 23. Nf3 Qd7 24. Rce1 h5 25. Rxe8 Rxe8 26. Rxe8+ Qxe8
27. Qd1 Qe4 28. Kh2 g4 29. hxg4 hxg4 30. Nh4 Nxg2 31. f3 gxf3 32. Nxg2 fxg2 33.
d5 Qh4+ 0-1

[Event "1. Oeffinger Jubiläumsopen"]
[Site "Ditzingen"]
[Date "2010.05.22"]
[Round "1.6"]
[White "Baumeister, Jürgen"]
[Black "Sieker, Roland"]
[Result "0-1"]
[WhiteElo "1659"]
[BlackElo "2029"]
[PlyCount "80"]
[EventDate "2010.??.??"]

1. Nc3 d5 2. e4 dxe4 3. Nxe4 Bf5 4. Qf3 Bxe4 5. Qxe4 c6 6. Bc4 Nf6 7. Qe2 Nbd7
8. Nf3 e6 9. O-O Nd5 10. d4 Bd6 11. Re1 h6 12. Bxd5 cxd5 13. Qb5 O-O 14. Qxb7
Nf6 15. Qb3 Qc7 16. Qd3 Rae8 17. c3 Ne4 18. Rxe4 dxe4 19. Qxe4 Qc4 20. Bd2 Rb8
21. b3 Qa6 22. c4 Rxb3 23. c5 Be7 24. axb3 Qxa1+ 25. Be1 Bf6 26. c6 Rc8 27. g3
Qc1 28. Kg2 Qxc6 29. Qg4 Qd5 30. Bd2 Kh7 31. h4 Rc2 32. Qf4 Bxd4 33. Kh2 Bxf2
34. Qxf7 Be3 35. g4 Bxd2 36. Kg3 Rc3 37. h5 Qe5+ 38. Kg2 Qe2+ 39. Kg3 Be1+ 40.
Kf4 Rxf3# 0-1

[Event "1. Oeffinger Jubiläumsopen"]
[Site "Ditzingen"]
[Date "2010.05.22"]
[Round "1.2"]
[White "Ehmann, Rainer"]
[Black "Schnepp, Gunnar"]
[Result "0-1"]
[WhiteElo "2251"]
[BlackElo "1682"]
[PlyCount "60"]
[EventDate "2010.??.??"]

1. e4 c5 2. Nf3 d6 3. d4 cxd4 4. Nxd4 Nf6 5. Nc3 a6 6. Bg5 Nbd7 7. Be2 b5 8. a3
Bb7 9. f3 e6 10. O-O Be7 11. Qd2 O-O 12. Be3 Qc7 13. Rac1 Nb6 14. Nb1 Rac8 15.
b3 d5 16. e5 Nfd7 17. f4 Nc5 18. f5 Ne4 19. Qd1 exf5 20. Nxf5 Bc5 21. Bxc5
Qxc5+ 22. Nd4 Rce8 23. b4 Qc7 24. Nf3 Nd7 25. a4 bxa4 26. c4 dxc4 27. Bxc4 Nxe5
28. Nxe5 Qb6+ 29. Kh1 Rxe5 30. Qc2 Ng3+ 0-1

[Event "1. Oeffinger Jubiläumsopen"]
[Site "Ditzingen"]
[Date "2010.05.24"]
[Round "5.31"]
[White "Hertkorn, Jens"]
[Black "Fumy, Jürgen"]
[Result "0-1"]
[WhiteElo "971"]
[BlackElo "1583"]
[PlyCount "58"]
[EventDate "2010.??.??"]

1. c4 e5 2. g3 Nc6 3. Bg2 f5 4. e3 Nf6 5. Ne2 d6 6. O-O Be6 7. Qb3 Na5 8. Qb5+
c6 9. Qa4 Nxc4 10. Qb3 Qd7 11. Qc2 Bd5 12. Bh3 Be6 13. Nbc3 d5 14. d3 Nb6 15.
a3 g5 16. e4 f4 17. Bxe6 Qxe6 18. f3 d4 19. Na4 h5 20. Rf2 Bd6 21. Nc5 Bxc5 22.
Qxc5 O-O-O 23. Bd2 g4 24. gxf4 gxf3 25. fxe5 Nfd7 26. Nxd4 Qg6+ 27. Kh1 Nxc5
28. Nxf3 Nxd3 29. Rff1 Qxe4 0-1

[Event "1. Oeffinger Jubiläumsopen"]
[Site "Ditzingen"]
[Date "2010.05.24"]
[Round "5.1"]
[White "Tuncer, Ufuk"]
[Black "Schnepp, Gunnar"]
[Result "0-1"]
[WhiteElo "2316"]
[BlackElo "2251"]
[PlyCount "134"]
[EventDate "2010.??.??"]

1. Nf3 c5 2. e4 e6 3. d4 cxd4 4. Nxd4 Nc6 5. Nc3 Qc7 6. Be3 a6 7. Qd2 Nf6 8. f3
Be7 9. O-O-O O-O 10. g4 b5 11. g5 Ne8 12. h4 Bb7 13. Kb1 Ne5 14. Rh3 Rc8 15.
Nb3 Nd6 16. Qh2 Ndc4 17. Bxc4 Nxc4 18. Qxc7 Rxc7 19. Bf4 d6 20. a4 b4 21. Na2
e5 22. Bc1 a5 23. Na1 f5 24. gxf6 Rxf6 25. b3 Nb6 26. Bg5 Re6 27. Bxe7 Rcxe7
28. c4 Rf7 29. Kb2 Nd7 30. Nc2 Ref6 31. Ne1 Kf8 32. Nc1 Nc5 33. Ncd3 Nxd3+ 34.
Rxd3 Ke7 35. Kc1 Rh6 36. Rd2 Bc8 37. Rh1 g5 38. Rdh2 g4 39. fxg4 Bxg4 40. Rg1
Rg6 41. Kd2 Rf4 42. h5 Rg5 43. Rhg2 h6 44. Nc2 Rxe4 45. Ne3 Bxh5 46. Rxg5 hxg5
47. Rxg5 Bf7 48. Rg4 Rxg4 49. Nxg4 Bg6 50. Ne3 Be4 51. Nd1 Kd7 52. Nf2 Bf5 53.
Nh1 Kc6 54. Ng3 Bg6 55. Nf1 Kc5 56. Ne3 Be4 57. Nd1 Kd4 58. Ne3 Kc5 59. Nd1 d5
60. Nf2 Bf5 61. cxd5 Kxd5 62. Nd1 Kd4 63. Ne3 Be6 64. Nc2+ Ke4 65. Ne1 Bh3 66.
Nd3 Kd5 67. Nb2 Kd4 0-1

[Event "1. Oeffinger Jubiläumsopen"]
[Site "Ditzingen"]
[Date "2010.05.23"]
[Round "4.13"]
[White "Böhmler, Thomas"]
[Black "Tölg, Wolfgang"]
[Result "1-0"]
[WhiteElo "1770"]
[BlackElo "1665"]
[PlyCount "91"]
[EventDate "2010.??.??"]

1. d4 f5 2. c4 d5 3. cxd5 Qxd5 4. Nc3 Qd8 5. e3 Nf6 6. Bc4 e6 7. Nf3 h6 8. O-O
Nc6 9. a3 a6 10. b4 Bd6 11. Qc2 Ne7 12. Bb2 c6 13. Rfe1 Ned5 14. Bd3 O-O 15.
Rad1 Qc7 16. e4 Nf4 17. e5 Nxd3 18. Qxd3 Be7 19. exf6 Rxf6 20. Rc1 Rg6 21. Qe2
Qf4 22. Ne5 Bd6 23. g3 Rg5 24. Kh1 Qxd4 25. Nf3 Qf6 26. Ne4 Qe7 27. Nxd6 Qxd6
28. Nxg5 hxg5 29. Rcd1 Qc7 30. Qe5 Qf7 31. Rd8+ Kh7 32. h4 g4 33. Kg2 b6 34.
Kg1 c5 35. bxc5 bxc5 36. Qxc5 Bb7 37. Rxa8 Bxa8 38. Qe5 Qb7 39. Qxg7+ Qxg7 40.
Bxg7 Kxg7 41. Rxe6 Bd5 42. Rxa6 Kf7 43. a4 Be4 44. a5 Kg8 45. Ra7 Kf8 46. h5
1-0

[Event "1. Oeffinger Jubiläumsopen"]
[Site "Ditzingen"]
[Date "2010.05.24"]
[Round "6.30"]
[White "Herrmann, Dorian"]
[Black "Hertkorn, Jens"]
[Result "1-0"]
[WhiteElo "1014"]
[BlackElo "914"]
[PlyCount "167"]
[EventDate "2010.??.??"]

1. e4 c5 2. Nf3 Nc6 3. Bc4 g6 4. Ng5 Ne5 5. Be2 e6 6. d3 Bg7 7. Be3 a6 8. Nf3
Nxf3+ 9. Bxf3 Bxb2 10. Nd2 Bxa1 11. Qxa1 f6 12. Bxc5 d6 13. Be3 e5 14. O-O Be6
15. d4 Rc8 16. d5 Bd7 17. Rc1 f5 18. exf5 Bxf5 19. Be4 Ne7 20. Bg5 h6 21. Bxf5
gxf5 22. Bf6 Rg8 23. Nf3 Qa5 24. Bxe7 Kxe7 25. Re1 Qxd5 26. Qc1 Qxa2 27. Qxh6
Rxc2 28. Qh7+ Kd8 29. Qh4+ Kc7 30. Qe7+ Kc6 31. Rf1 Qd5 32. Qh4 e4 33. Ne1 e3
34. Qa4+ Kb6 35. Qxc2 f4 36. Qb2+ Ka7 37. Qe2 a5 38. Qf3 Rxg2+ (38... Qxf3 39.
Nxf3 a4 40. Rd1 Rc8 41. Kf1 Rc6 42. fxe3 fxe3 43. Rd3 b5 44. Ke2 b4 45. Kxe3 b3
46. Nd4 Rb6 47. Nxb3 axb3) 39. Qxg2 Qd1 40. fxe3 fxe3 41. Qf3 e2 42. Qe3+ Ka6
43. Qd3+ Qxd3 44. Nxd3 exf1=Q+ 45. Kxf1 a4 46. Ke1 a3 47. Kd1 a2 48. Nb4+ Kb6
49. Nxa2 Kc7 50. Ke2 Kd7 51. h4 Ke7 52. Nc3 Kf6 53. Kf3 Kg6 54. Kg4 Kh6 55. h5
d5 56. Nxd5 b5 57. Nb4 Kh7 58. Kg5 Kg7 59. h6+ Kh7 60. Kh5 Kg8 61. Kg6 Kh8 62.
Nd5 Kg8 63. Nf6+ Kh8 64. Nd5 Kg8 65. Kh5 Kh7 66. Nf6+ Kh8 67. Nd5 Kh7 68. Kg5
Kg8 69. Ne7+ Kh7 70. Nf5 Kg8 71. Kf4 b4 72. Ke3 Kh7 73. Kd2 Kh8 74. Kc2 Kh7 75.
Kb3 Kh8 76. Kxb4 Kh7 77. Kc5 Kg6 78. Kd6 Kh7 79. Ke6 Kg6 80. Ke7 Kh7 81. Kf7
Kh8 82. Kg6 Kg8 83. Nd6 Kh8 84. Nf7+ 1-0

[Event "1. Oeffinger Jubiläumsopen"]
[Site "Ditzingen"]
[Date "2010.05.22"]
[Round "1.35"]
[White "Herrmann, Dorian"]
[Black "Philippin, Otto"]
[Result "0-1"]
[WhiteElo "1014"]
[BlackElo "1692"]
[PlyCount "108"]
[EventDate "2010.??.??"]

1. e4 e5 2. Nf3 d6 3. Nc3 Nf6 4. Bc4 h6 5. h3 Be7 6. O-O c5 7. d3 O-O 8. Be3
Nc6 9. Ne2 g5 10. Nxg5 hxg5 11. Bxg5 Be6 12. Bxe6 fxe6 13. f4 Nh7 14. Bxe7 Qxe7
15. c3 Rf7 16. Qd2 Raf8 17. Rf3 Qh4 18. Raf1 exf4 19. Nxf4 Ne5 20. R3f2 Qh6 21.
d4 cxd4 22. cxd4 Nc4 23. Qc3 Rxf4 24. Qg3+ Qg7 25. Qxg7+ Kxg7 26. Rxf4 Rxf4 27.
Rxf4 Nxb2 28. Rg4+ Kf7 29. Rf4+ Kg6 30. d5 e5 31. Rf2 Nd3 32. Rf3 Nc5 33. Re3
Ng5 34. Rg3 Ncxe4 35. Rg4 Kh5 36. Kh2 b5 37. Kg1 a5 38. Kf1 b4 39. Ke2 a4 40.
Kd3 Nf2+ 41. Kc4 Nxg4 42. hxg4+ Kxg4 43. Kxb4 e4 44. Kc3 Kg3 45. Kd2 Kf2 46. g4
e3+ 47. Kc3 e2 48. Kb4 e1=Q+ 49. Kxa4 Qb1 50. a3 Ne4 51. Ka5 Qb7 52. g5 Nc3 53.
a4 Nxd5 54. g6 Qb6# 0-1

[Event "1. Oeffinger Jubiläumsopen"]
[Site "Ditzingen"]
[Date "2010.05.22"]
[Round "1.31"]
[White "Hertkorn, Jens"]
[Black "Vaysberg, Alexander"]
[Result "0-1"]
[WhiteElo "914"]
[BlackElo "2149"]
[PlyCount "58"]
[EventDate "2010.??.??"]

1. e4 c5 2. Nf3 g6 3. c3 Bg7 4. Bc4 e6 5. O-O Ne7 6. d4 cxd4 7. cxd4 O-O 8. e5
d6 9. Bf4 Nbc6 10. Qe2 Nf5 11. Rd1 Qb6 12. Be3 dxe5 13. d5 Nxe3 14. Qxe3 Nd4
15. Nc3 exd5 16. Bxd5 Qxb2 17. Rab1 Qxc3 18. Re1 Qxe3 19. Rxe3 Nxf3+ 20. Bxf3
Rb8 21. h3 Be6 22. a4 b6 23. g4 f5 24. gxf5 gxf5 25. Bh5 f4 26. Ree1 Bxh3 27.
f3 e4 28. fxe4 f3 29. Red1 f2+ 0-1

[Event "1. Oeffinger Jubiläumsopen"]
[Site "Ditzingen"]
[Date "2010.05.22"]
[Round "1.10"]
[White "Drapchin, Marc"]
[Black "Heining, Thomas"]
[Result "0-1"]
[WhiteElo "1634"]
[BlackElo "1986"]
[PlyCount "90"]
[EventDate "2010.??.??"]

1. e4 c5 2. Nf3 d6 3. Bb5+ Bd7 4. Bxd7+ Qxd7 5. O-O Nc6 6. c3 Nf6 7. Re1 e6 8.
d4 cxd4 9. cxd4 d5 10. e5 Ne4 11. a3 Be7 12. Nc3 Nxc3 13. bxc3 Rc8 14. Ng5 h6
15. Qh5 Bxg5 16. Bxg5 Ne7 17. Bxe7 Qxe7 18. Re3 Qg5 19. Qd1 O-O 20. Rb1 Rc7 21.
Rg3 Qf5 22. Rf3 Qe4 23. Re3 Qf5 24. Rf3 Qh7 25. a4 Rfc8 26. a5 Rxc3 27. Rxc3
Rxc3 28. Rxb7 Qe4 29. h3 Rd3 30. Qc1 Qxd4 31. Qc8+ Kh7 32. Rb1 Rd2 33. Rf1 Kg6
34. Qc7 Re2 35. Qd8 Rxe5 36. g3 Rf5 37. g4 Rf3 38. Kg2 Qe4 39. Kh2 Qf4+ 40. Kg2
Ra3 41. f3 Ra2+ 42. Rf2 Rxf2+ 43. Kxf2 d4 44. Qa8 Qe3+ 45. Kf1 d3 0-1

[Event "1. Oeffinger Jubiläumsopen"]
[Site "Ditzingen"]
[Date "2010.05.22"]
[Round "1.26"]
[White "Griesche, Veit"]
[Black "Petzold, Tristan"]
[Result "0-1"]
[WhiteElo "1302"]
[BlackElo "1719"]
[PlyCount "72"]
[EventDate "2010.??.??"]

1. Nf3 Nf6 2. d4 d5 3. c4 e6 4. e3 Be7 5. Bd3 O-O 6. O-O b6 7. Nc3 Bb7 8. Qc2
dxc4 9. Be4 Nxe4 10. Nxe4 Nd7 11. Ned2 c5 12. Qxc4 cxd4 13. Nxd4 Rc8 14. Qe2
Nc5 15. b4 Na4 16. a3 Bf6 17. N2b3 Qd5 18. f3 Nc3 19. Qf2 e5 20. e4 Qc4 21. Nd2
Qxd4 22. Qxd4 Ne2+ 23. Kh1 Nxd4 24. Bb2 Rc2 25. Bxd4 exd4 26. Nb3 Ba6 27. Rfe1
Bc4 28. e5 Bxb3 29. exf6 gxf6 30. Red1 Rd8 31. Rab1 Rb2 32. Rxb2 Bxd1 33. Kg1
d3 34. Rd2 Be2 35. Kf2 Rc8 36. Ke1 Rc1+ 0-1

[Event "1. Oeffinger Jubiläumsopen"]
[Site "Ditzingen"]
[Date "2010.05.22"]
[Round "1.3"]
[White "Wohlfahrt, Rainer"]
[Black "Erkic, Ratko"]
[Result "1-0"]
[WhiteElo "2117"]
[BlackElo "1672"]
[PlyCount "85"]
[EventDate "2010.??.??"]

1. e4 c5 2. Nf3 Nc6 3. Bb5 Qc7 4. O-O a6 5. Bxc6 bxc6 6. b3 d5 7. Nc3 Nf6 8.
Re1 d4 9. Na4 e5 10. Ba3 Bg4 11. Bxc5 Bxc5 12. Nxc5 O-O 13. c3 Rfd8 14. h3 Bh5
15. cxd4 Bxf3 16. Qxf3 Rxd4 17. d3 Nd7 18. Rec1 Rd8 19. Qf5 g6 20. Qg5 h6 21.
Qe7 Qc8 22. Nb7 Rf8 23. Nd6 Qc7 24. Ne8 Qc8 25. Nf6+ Nxf6 26. Qxf6 Rxd3 27.
Rxc6 Qd7 28. Rxa6 Rd1+ 29. Rxd1 Qxd1+ 30. Kh2 Qe2 31. Ra4 Qb5 32. f3 Re8 33.
Ra7 Rf8 34. Re7 Qa5 35. a4 Qb4 36. Qxe5 Qxb3 37. a5 Ra8 38. a6 Qa4 39. Qd5 Rf8
40. a7 Kg7 41. a8=R Qxa8 42. Rxf7+ Kh8 43. Qe5+ 1-0

[Event "1. Oeffinger Jubiläumsopen"]
[Site "Ditzingen"]
[Date "2010.05.22"]
[Round "1.24"]
[White "Trobonjaca, Milos"]
[Black "Dürr, Hanno"]
[Result "0-1"]
[WhiteElo "1377"]
[BlackElo "1723"]
[PlyCount "70"]
[EventDate "2010.??.??"]

1. d4 Nf6 2. Nf3 d5 3. Bf4 e6 4. Nbd2 Be7 5. a3 O-O 6. e3 c5 7. c4 Nc6 8. Be2
b6 9. O-O Bb7 10. dxc5 bxc5 11. cxd5 exd5 12. Qb3 Na5 13. Qc3 Rc8 14. Rfd1 d4
15. exd4 Nd5 16. Qc1 Nxf4 17. Bb5 cxd4 18. Qb1 d3 19. b4 Ne2+ 20. Kf1 Nc3 21.
Qxd3 Qxd3+ 22. Bxd3 Nxd1 23. Rxd1 Rfd8 24. Bf5 Rc3 25. bxa5 Rxa3 26. Rb1 Ba6+
27. Kg1 g6 28. Be4 Rxa5 29. h3 Ra2 30. Nf1 Kg7 31. Ne3 Bc5 32. Re1 f5 33. Bd5
Rxd5 34. Nxd5 Bxf2+ 35. Kh1 Bxe1 0-1